Famous People - First Name Basis Quiz Stats

Quiz Updated May 8, 2018

Challenge
Share
Tweet
Embed
Score 0/34 Timer 10:00
1 Play Today
Description First Name % Correct
In Christianity, He is the Son of GodJesus
99.4%
Led the Hebrew people out of Egypt, via the Red SeaMoses
95.5%
In Christianity, she is the Mother of the Son of GodMary
88.3%
Often referred to as the 'King of Rock and Roll'Elvis
87.4%
Ex-member of Destiny's Child, married to Jay-ZBeyoncé
85.2%
Author of the Iliad and the OdysseyHomer
84.1%
Best known for her TV show, she is also one of the richest women in the worldOprah
82.9%
She started her career in a famous duo with the hit single 'I Got You Babe'Cher
81%
Pop singer icon, highest earning female singer on EarthMadonna
79.4%
Established the First French Empire, but was defeated at the Battle of WaterlooNapoleon
72.8%
Singer known for the song 'Kiss from a Rose,' formerly married to Heidi KlumSeal
71.8%
Renaissance sculptor of the 'Pieta' & painter of the Sistine ChapelMichelangelo
70.3%
The founder of the religion of IslamMuhammad
70.3%
Standing 7' 1' and weighing >300 pounds, he is known for playing in NBA, rapping, and actingShaquille
66.9%
Mother to the 2nd and 6th heirs to the British ThroneDiana, Princess of Wales
65.5%
Colombian singer that will be there 'Whenever, Wherever'Shakira
64.4%
Italian poet of the Middle Ages who wrote the Divine ComedyDante
63.4%
Description First Name % Correct
Italian male model, appearing on many romance novel book coversFabio
60.5%
Rumored to be the emperor who 'fiddled while Rome burned'Nero
58.1%
Food Network show host chef with famous catchphrase “BAM!” and “Kick it up a notch!”Emeril
57.2%
Discovered the four largest moons of Jupiter and is considered the 'father of modern science'Galileo
53.7%
Considered the founding patriarch of the Israelites, Isaac's fatherAbraham
52.8%
He was a student of Plato, known for many works including 'Poetics' and 'Art of Rhetoric'Aristotle
48.9%
Emperor of the Huns who was called the 'Scourge of God' by the RomansAttila the Hun
47.3%
American singer known for the hit singles 'U Remind Me' and 'Love in This Club'Usher
44%
Famous for taking an army of elephants across the Alps, striking terror in the Roman EmpireHannibal
43.7%
Last to rule as Pharaoh over Ancient EgyptCleopatra VII
38.6%
Popular British singer with hit singles 'Thank You' and 'White Flag'Dido
36.9%
She is an American singer with hit singles 'Foolish Games' and 'Who Will Save Your Soul'Jewel
36.1%
Retired Brazilian soccer legend known as 'the phenomenon'Ronaldo
32.3%
Italian renaissance artist with many notable paintings including 'The Madonna of the Meadow'Raphael
30.6%
Contributed to the Dutch Golden Age, with notable paintings 'Night Watch' and 'Danaë'Rembrandt
26.6%
A King from Sparta who died with 300 men at the Battle of Thermopylae against the PersiansLeonidas I
26.6%
Holds the single-season record for base hits in the MLBIchiro
26%

You're not logged in!

Compare scores with friends on all Sporcle quizzes.
Join for Free
OR
Log In

You Might Also Like...

Show Comments

Extras

Top Quizzes Today


Score Distribution

Your Account Isn't Verified!

In order to create a playlist on Sporcle, you need to verify the email address you used during registration. Go to your Sporcle Settings to finish the process.

Report this User

Report this user for behavior that violates our Community Guidelines.

Details: